Efektívna špekulácia

Riskovanie podnikateľa. Efektívnosť v biznise. Pokora a orientácia na dlhodobosť. Príklad špekulanta. Najosvedčenejšia podnikateľská metóda. Podnikatelia komunikujú účelovo a zištne. Dôverovať vlastnej akciovke.

Gespeichert in:
Bibliographische Detailangaben
1. Verfasser: Burák, Emil
Format: Buchkapitel
Sprache:Slowakisch
Schlagworte:
Tags: Tag hinzufügen
Keine Tags, Fügen Sie das erste Tag hinzu!

MARC

LEADER 00000naa$a2200000$$$4500
001 0092437
005 20231006123356.5
041 0 |a slo 
044 |a SK 
245 1 0 |a Efektívna špekulácia  |c Emil Burák 
520 |a Riskovanie podnikateľa. Efektívnosť v biznise. Pokora a orientácia na dlhodobosť. Príklad špekulanta. Najosvedčenejšia podnikateľská metóda. Podnikatelia komunikujú účelovo a zištne. Dôverovať vlastnej akciovke. 
610 2 0 |a špekulácie 
610 2 0 |a podnikanie 
610 2 0 |a riziko 
610 2 0 |a efektívnosť 
100 1 |a Burák, Emil